|
|
|
|
| LEADER |
00000nam a2200000 a 4500 |
| 001 |
vtls001286138 |
| 003 |
SK-MaSNL |
| 005 |
20260301155344.0 |
| 008 |
210928s1979 xx 0 000 cze |
| 035 |
|
|
|a SNK000237679
|
| 040 |
|
|
|a SNK
|b slo
|c SNK
|e AACR2
|
| 041 |
|
|
|a cze
|h [slo]
|
| 080 |
|
|
|a 51
|2 1981
|
| 080 |
|
|
|a (075.3)
|2 1981
|
| 245 |
1 |
|
|a Matematika pro gymnázia. Sešit 4, 1. část
|c zpracoval Milan Hejný, Marián Hanula, Anton Dekrét ; ořeložil Stanislav Horák ml.
|
| 260 |
|
|
|a Praha
|b Státní pedagogické nakladatelství
|c 1979
|
| 300 |
|
|
|a 119 s.
|c 20 cm
|
| 650 |
0 |
7 |
|a matematika
|2 SVKBBPH
|9 70174
|
| 655 |
|
7 |
|a učebnice stredných škôl
|2 SVKBBPH
|9 69323
|
| 700 |
1 |
|
|a Hejný, Milan,
|d 1936-
|4 com
|9 105416
|
| 700 |
1 |
|
|a Hanula, Marián
|4 com
|9 10007
|
| 700 |
1 |
|
|a Dekrét, Anton,
|d 1932-
|4 com
|9 171992
|
| 700 |
1 |
|
|a Horák, Stanislav,
|d 1937-
|4 trl
|9 108352
|
| 958 |
|
|
|a OND
|
| 999 |
|
|
|c 800641
|d 802571
|
| 952 |
|
|
|t P60, <04>, [BOOK], {604}
|a SNK
|b SNK
|y VYP
|7 0
|p 17A0065293
|o snkIC 77146/4/1 D1
|0 0
|1 1
|4 0
|d 1997-05-10
|l 0
|r 2005-01-02 00:00:00
|w 2026-02-24
|